Martínez Campos y sus hechos principales / (Record no. 154545)

MARC details
000 -LEADER
campo de control de longitud fija 00762nam a22001815i 4500
001 - NÚMERO DE CONTROL
campo de control 154545
003 - IDENTIFICADOR DE NÚMERO DE CONTROL
campo de control ES-MaACL
005 - FECHA Y HORA DE LA ÚLTIMA TRANSACCIÓN
campo de control 20251013181200.0
008 - DATOS DE LONGITUD FIJA--INFORMACIÓN GENERAL
campo de control de longitud fija 961110s1876 sp |||| | spa d
040 ## - FUENTE DE CATALOGACIÓN
Centro catalogador/agencia de origen CLM
Lengua de catalogación spa
Centro/agencia transcriptor CCPB | SIC
100 1# - ENTRADA PRINCIPAL--NOMBRE DE PERSONA
Nombre de persona González Apousa, Esteban.
9 (RLIN) 127398
245 10 - MENCIÓN DEL TÍTULO
Título Martínez Campos y sus hechos principales /
Mención de responsabilidad, etc. Esteban González Apousa.
260 ## - PUBLICACIÓN, DISTRIBUCIÓN, ETC.
Lugar de publicación, distribución, etc. Madrid :
Nombre del editor, distribuidor, etc. [s.n.],
Fecha de publicación, distribución, etc. 1876 (
Fabricante Imprenta à cargo de Víctor Sáiz)
300 ## - DESCRIPCIÓN FÍSICA
Extensión 31 p. ;
Dimensiones 16 cm.
600 17 - PUNTO DE ACCESO ADICIONAL DE MATERIA--NOMBRE DE PERSONA
Nombre de persona Martínez Campos, Arsenio,
Fechas asociadas al nombre 1831-1900
Fuente del encabezamiento o término
9 (RLIN) 154889
852 ## - LOCALIZACIÓN
Ubicación ES-MaACL
Número de control de estantería T-293-F-4
Nota libre -- Enc. hol., falto de la cub. original
-- -- Enc. en un vol. facticio
Encuadernación -- Edic.: en port. no consta fecha en pie de imp. La fecha consta al final del texto
Holdings
Estatus retirado Estado de pérdida Estado de daño No para préstamo Colección Biblioteca de origen Biblioteca actual Ubicación en estantería Fecha de adquisición Total de préstamos Signatura topográfica completa Código de barras Visto por última vez Precio de reemplazo Tipo de ítem Koha
        Colección de folletos Biblioteca del Ateneo de Madrid Biblioteca del Ateneo de Madrid Depósito folletos 17/01/2008   T-293-F-4 1161631 23/02/2023 23/02/2023 Folleto